00138nam a22000617a 4500082001600000100001500016245004500031 a747.75bMEE aMee, Brad. aDesign is in the Details living spaces /